Без влади (Запис № 380896)

МАРК-запис
000 -Лідер
fixed length control field 00776nam a22002537a 4500
001 - Контрольний номер
control field 94653
003 - Ідентифікатор контрольного номера
control field UA-OsUOA
005 - Дата та час останнього входження (трансакції)
control field 20191002164544.0
007 - Фіксоване поле фізичного опису
fixed length control field ta
008 - Елементи даних фіксованої довжини – загальна інформація
fixed length control field 20130215b un ||||| |||| 00| 0 ukr d
040 ## - Джерело каталогізації
Агенція оригінальної каталогізації UA-OsUOA
Мова каталогізації ukr
Агенція, яка здійснювала перезапис UA-OsUOA
Агенція, яка здійснювала модифікацію UA-OsUOA
041 ## - Код мови
Код мови тексту/ звукової доріжки чи окремого заголовка (П) ukr
080 ## - Індекс Універсальної десяткової класифікації
Індекс Універсальної десяткової класифікації (УДК) (НП) 821.511.141
090 ## - Локальний шифр розміщення
Класифікаційний індекс УДК 821.511.141
Авторський знак (НП) Д55
100 ## - Основне введення – ім’я особи
Ім’я особи (НП) Добозі І.
245 ## - Відомості про назву
Назва (НП) Без влади
Решта назви (НП) роман
Дані про відповідальність (НП) Імре Добозі ; перекл. з угор. І. Мегела
260 ## - Публікація, розповсюдження і т.п. (Вихідні дані)
Місце публікації, розповсюдження і т.п. (П) К.
Ім’я/ наймення видавництва, розповсюджувача і т.п. (П) Дніпро
Дата публікації, розповсюдження і т.п. (П) 1982
300 ## - Фізичний опис
Обсяг 222 с.
440 ## - Область серії / додатковий пошуковий ознака на назву серії
Заголовок Серія "Дружба"
650 #7 - Додаткове предметне введення – тематичний термін
Тематичний термін чи географічна назва, як елемент введення (НП) 82 Література. Літературознавство
Джерело заголовка чи терміна UDC
942 ## - Додаткові елементи входу (Коха)
Тип елемента Koha Книги
Source of classification or shelving scheme Universal Decimal Classification
955 ## - Код типу видання за змістом
Код типу видання за змістом (НП) Літературно-художні видання
Фонди
Стан вилучень Стан втрат Джерело класифікації або схеми стелажів Стан уражень Не для кредиту Постійне місце розташування Поточне розміщення Дата придбання Інвентарний номер Усього замовленно Повний номер виклику Штрих-код Дата останнього перегляду Ціна ефективна від Тип елемента Koha Джерело придбання
    Universal Decimal Classification     АБ - Абонемент НБ АБ - Абонемент НБ 15/02/2013 29968   821.511.141 Д55 29968 14/04/2022 15/02/2013 Книги  
    Universal Decimal Classification     АБ - Абонемент НБ АБ - Абонемент НБ 18/02/2013 31062   821.511.141 Д55 31062 15/04/2022 15/02/2013 Книги  
    Universal Decimal Classification     АБ - Абонемент НБ АБ - Абонемент НБ 15/02/2013 44178   821.511.141 Д55 44178 14/04/2022 15/02/2013 Книги  
    Universal Decimal Classification     АБ - Абонемент НБ АБ - Абонемент НБ 15/02/2013 44301   821.511.141 Д55 44301 14/04/2022 15/02/2013 Книги  
    Universal Decimal Classification     АБ - Абонемент НБ АБ - Абонемент НБ 23/09/2010 10196   821.161.2 Д55 10196 01/07/2022 23/09/2019 Книги 2010-09-23
    Universal Decimal Classification     АБ - Абонемент НБ АБ - Абонемент НБ 22/10/2010 13876   821.161.2 Д55 13876 30/06/2022 22/10/2019 Книги